Statistics for Best Player On Every 2K23 Team

Click here to take the quiz!

General Stats

  • This quiz has been taken 13 times
  • The average score is 26 of 30

Answer Stats

TAnswer% Correct
BOSJayson Tatum
100%
MIAJimmy Butler
100%
PHIJoel Embiid
100%
LACKawhi Leonard
100%
PHXKevin Durant
100%
LALLeBron James
100%
DALLuka Doncic
100%
ATLTrae Young
100%
PORDamian Lillard
92%
CHIDeMar DeRozan
92%
MILGiannis Antetokounmpo
92%
MEMJa Morant
92%
DENNikola Jokic
92%
GSWStephen Curry
92%
NOPZion Williamson
92%
MINAnthony Edwards
85%
WASBradley Beal
85%
SACDe’Aaron Fox
85%
CLEDonovan Mitchell
85%
ORLPaolo Banchero
85%
TORPascal Siakam
85%
OKCShai Gilgeous-Alexander
85%
DETCade Cunningham
77%
NYKJulius Randle
77%
CHALaMelo Ball
77%
UTALauri Markkanen
77%
INDTyrese Haliburton
77%
SASKeldon Johnson
69%
BKNMikal Bridges
62%
HOUJalen Green
54%

Score Distribution

Percentile by Number Answered

Percent of People with Each Score

Your Score History

You have not taken this quiz